00652nam a2200229 a 4500001001300000003000900013005001700022008004100039020001000080082001800090100002500108245002000133260003200153300000900185500003500194650001700229700002500246902000800271942000700279952011900286999001700405nice12345678IN_TiNIC20260116014255.0080609s2005 luca grp 000 0 urd  ac11000a297.1248bMAJ aMajlisi, Mohd Baquar aTahzeebul Islam aLucknowbNizami Pressc2005 a606p aincludes index and biblioraphy aHadith-Shiah1 aMajlisi, Mohd Baquar bSRS cBK 001040708StackRoom-aHMIbHMId2008-06-09g110.00l0o297.1248 MAJp022425r2008-06-09v110.00w2008-06-09yBK c14599d14599